Historical Communist South American States - Statistics

General Stats
  • This quiz has been taken 11 times
  • The average score is 6 of 14
Answer Stats
Existed Type Answer % Correct
1999-Present Chavist Bolivarian Republic of Venezuela
100%
1970-1985 Socialist Co-operative Republic of Guyana
100%
2006-Present Socialist Plurinational State of Bolivia
100%
1970-1973 M-L Republic of Chile
100%
1932 Socialist Socialist Republic of Chile
100%
2007-2017 Socialist Republic of Ecuador
88%
1958-1964 Agrarian El Pato Republic
13%
1958-1964 Agrarian Marquetalia Republic
13%
1958-1964 Agrarian September 26 Republic
13%
1958-1964 Agrarian Southeast Tolima Republic
13%
1958-1964 Agrarian Guayabero Republic
0%
1958-1964 Agrarian Riochiquito Republic
0%
1958-1964 Agrarian Sumapaz Republic
0%
1958-1964 Agrarian Tequendama Republic
0%
No matching quizzes found
Score Distribution
Percent of People with Each Score
Percentile by Number Answered
Your Score History
You have not taken this quiz